[Event "Bandarabbas Rapid"]
[Site "Bandarabbas"]
[Date "2016.01.29"]
[Round "7.4"]
[White "Khoshnam, Farhad"]
[Black "Ghorban Oghly, Mohsen"]
[Result "0-1"]
[WhiteElo "1917"]
[BlackElo "1849"]
[PlyCount "86"]
[EventDate "2015.12.30"]
[EventType "swiss (rapid)"]
[EventRounds "9"]
[EventCountry "IRI"]
[SourceTitle "EXT 2024"]
[Source "ChessBase"]
[SourceDate "2023.10.10"]
[SourceVersion "1"]
[SourceVersionDate "2023.10.10"]
[SourceQuality "1"]

1. e4 c5 2. Nf3 d6 3. d4 cxd4 4. Nxd4 Nf6 5. Nc3 a6 6. Be3 e6 7. f3 Be7 8. Qd2 0-0 9. 0-0-0 b5 10. Kb1 Bd7 11. g4 Nc6 12. Nxc6 Bxc6 13. Qf2 b4 14. Ne2 a5 15. Nd4 Bd7 16. h4 a4 17. h5 b3 18. a3 bxc2+ 19. Nxc2 Qc7 20. g5 Ne8 21. Rc1 Qb7 22. Ka1 Nc7 23. h6 g6 24. Bd4 e5 25. Be3 d5 26. Nb4 Bxb4 27. axb4 Rfc8 28. Bd2 d4 29. f4 a3 30. b3 Ne6 31. f5 Rxc1+ 32. Bxc1 Qc6 33. Bg2 Qc3+ 34. Ka2 Rc8 35. fxe6 Bxe6 36. Bxa3 Qxb3+ 37. Ka1 Qxa3+ 38. Kb1 Qd3+ 39. Kb2 Qc3+ 40. Kb1 Ra8 41. Qb2 Ba2+ 42. Ka1 Bc4+ 43. Kb1 Bd3+ 0-1